Reasoning-IV/ (Record no. 212390)

MARC details
000 -LEADER
fixed length control field 00683nam a22002297a 4500
005 - DATE AND TIME OF LATEST TRANSACTION
control field 20250716114053.0
010 ## - LCCN (DPL NO)
LC control number ENG-146011
020 ## - INTERNATIONAL STANDARD BOOK NUMBER
International Standard Book Number 9789380831060
Terms of availability 145.00
035 ## - SYSTEM CONTROL NUMBER
System control number EN-129543
037 ## - SOURCE OF ACQUISITION
Source of stock number/acquisition DBAD
082 ## - DEWEY DECIMAL CLASSIFICATION NUMBER
Classification number 000
Edition number 1
100 ## - MAIN ENTRY--PERSONAL NAME
Personal name Purushottamarao, S.
245 ## - TITLE STATEMENT
Title Reasoning-IV/
Statement of responsibility, etc S Purushottamarao...[et al]
250 ## - EDITION STATEMENT
Edition statement 1
260 ## - PUBLICATION, DISTRIBUTION, ETC. (IMPRINT)
Place of publication, distribution, etc New Delhi
Name of publisher, distributor, etc Spectrum Books
Date of publication, distribution, etc 2019
270 ## - ADDRESS
Address A1 291, First Floor, Janakpuri,
City New Delhi
Postal code 110058
300 ## - PHYSICAL DESCRIPTION
Extent 154p.
Dimensions 24cm(pbk)
700 ## - ADDED ENTRY--PERSONAL NAME
Personal name Simhachalam, T.
Relator term Author
9 (RLIN) 83025
700 ## - ADDED ENTRY--PERSONAL NAME
Personal name Y. Ravi Kumar
Relator term Author
9 (RLIN) 83026
700 ## - ADDED ENTRY--PERSONAL NAME
Personal name Y. Appala Raju
Relator term Author
9 (RLIN) 83027
942 ## - ADDED ENTRY ELEMENTS (KOHA)
Source of classification or shelving scheme Dewey Decimal Classification
Item type English Books
Call number suffix PUR
Classification part 000
Holdings
Withdrawn status Lost status Not for loan Collection code Home library Current library Date acquired Source of acquisition Cost, normal purchase price Full call number Barcode Copy number Cost, replacement price Koha item type
      Non-fiction Sarojini Nagar Sarojini Nagar 16/07/2025 Delivery of Books Act Division 145.00 PUR 000 EN-129543 1 145.00 English Books

© Delhi Public Library
Hit Counter
free hit counter